[Event "TUR-ch U07/12 Girls"]
[Site "Antalya"]
[Date "2023.01.28"]
[Round "9"]
[White "Ozdundar, Zeren"]
[Black "Eldem, Zeynep Erva"]
[Result "1-0"]
[WhiteElo "1041"]
[BlackElo "1250"]
[PlyCount "113"]
[EventDate "2023.01.17"]
[EventType "swiss"]
[EventRounds "9"]
[EventCountry "TUR"]
[SourceTitle "EXT 2024"]
[Source "ChessBase"]
[SourceDate "2023.10.10"]
[SourceVersion "1"]
[SourceVersionDate "2023.10.10"]
[SourceQuality "1"]

1. e4 c5 2. Nc3 d6 3. g3 g6 4. Bg2 Bg7 5. d3 e6 6. Be3 Nc6 7. Qd2 Nge7 8. Nge2 Bd7 9. Nb5 Qb8 10. Nbc3 Nd4 11. Nd1 Qc7 12. c3 Ndc6 13. Bh6 0-0 14. Bxg7 Kxg7 15. 0-0 d5 16. exd5 Nxd5 17. Ne3 Nxe3 18. fxe3 Ne5 19. e4 Qb6 20. b3 Rad8 21. Rad1 Bb5 22. c4 Bc6 23. Qc3 f6 24. Nf4 Rd6 25. Bh3 Bd7 26. Ne2 Nc6 27. Rf2 e5 28. Bxd7 Rxd7 29. Rdf1 Nd4 30. Nxd4 Rxd4 31. Rf3 a6 32. Qd2 Qe6 33. Qa5 Qc6 34. a4 Qd6 35. Qc3 b5 36. axb5 axb5 37. cxb5 Qb6 38. Ra1 Rfd8 39. Ra6 Qxb5 40. Ra5 Qb6 41. Rxc5 Rc8 42. b4 Rxb4 43. d4 Rb1+ 44. Rf1 Rxf1+ 45. Kxf1 exd4 46. Rxc8 dxc3 47. Rxc3 Qb1+ 48. Ke2 Qb2+ 49. Kd3 Qxh2 50. Kd4 Qb2 51. Kd3 Kh6 52. Rc5 Qb3+ 53. Rc3 Qxc3+ 54. Kxc3 Kg5 55. Kd4 h5 56. Kd5 Kg4 57. Ke6 1-0